PRÍSPEVOK K CITLIVOSTNEJ ANALÝZE NESYMETRICKÝCH TLMENÝCH MECHANICKÝCH SYSTÉMOV

Bibliographic Details
Main Authors: Mazúr, Ján (Author), Žmindák, Milan (Author), Novák, Pavol, 1972- (Author), Melicher, Richard (Author)
Format: Article
Language:Slovak

MARC

LEADER 00000nab a2200000 a 4500
001 vtls011732403
003 SK-MaSNL
005 20260303182710.0
008 230222|2007 xo |||||||||||||||||slo
015 |a SNBRB 
035 |a (urnnbn)urn:nbn:sk:snk:ar-a08l0n 
035 |a urn:nbn:sk:snk-abf9uy 
035 |a (uuid)941fb730-40b8-4e12-bd8a-d122fc4eecc2 
040 |a SNKBUCL  |b slo  |c SNKBUCL  |e AACR2 
041 0 |a slo 
044 |a xo  |c SK 
100 1 |a Mazúr, Ján  |4 aut  |9 719656 
245 1 0 |a PRÍSPEVOK K CITLIVOSTNEJ ANALÝZE NESYMETRICKÝCH TLMENÝCH MECHANICKÝCH SYSTÉMOV  |c Ján Mazúr, Milan Žmindák, Pavol Novák, Richard Melicher 
700 1 |a Žmindák, Milan  |4 aut  |9 784641 
700 1 |a Novák, Pavol,  |d 1972-  |4 aut  |9 224239 
700 1 |a Melicher, Richard  |4 aut  |9 1158149 
773 0 |t Acta Mechanica Slovaca  |g Roč. 11, č. 4-A (2007), s. 281-288 
954 |a odborná, vedecká literatúra pôvodná (slovenská)  |2 lita 
958 |a OND 
958 |a EUIPO 
958 |a article24 
999 |c 2117913  |d 2119843